000 00472nam a2200181Ia 4500
003 IN-BaIIA
008 211028s9999 xx 000 0 eng d
040 _cIIA Library
080 _a535.4
_bJAN
100 _aJanossy, L
_91958
245 0 _aOn interference phenomena at low intensities of light
_cL. Janossy and Zs Naray
260 _aBudapest
_c1957
300 _a63p.
650 _aLight
_92428
650 _aNASA thesaurus
700 _aNaray, Zs
_93521
942 _cBK
999 _c1833
_d1833